The object advantage : (Record no. 344931)

000 -LEADER
fixed length control field 01137 a2200241 4500
020 ## - INTERNATIONAL STANDARD BOOK NUMBER
International Standard Book Number 0201422891
020 ## - INTERNATIONAL STANDARD BOOK NUMBER
International Standard Book Number 9780201422894
082 04 - DEWEY DECIMAL CLASSIFICATION NUMBER
Classification number 658
090 ## - LOCALLY ASSIGNED LC-TYPE CALL NUMBER (OCLC); LOCAL CALL NUMBER (RLIN)
-- 2434
-- 2434
100 1# - MAIN ENTRY--PERSONAL NAME
Personal name Jacobson, I.
245 14 - TITLE STATEMENT
Title The object advantage :
Remainder of title business process reengineering with object technology /
Statement of responsibility, etc. I. Jacobson.
260 ## - PUBLICATION, DISTRIBUTION, ETC.
Place of publication, distribution, etc. [S.l.] :
Name of publisher, distributor, etc. Addison-Wesley Professional,
Date of publication, distribution, etc. 1994.
300 ## - PHYSICAL DESCRIPTION
Extent 368 p. ;
Dimensions 25 cm.
490 1# - SERIES STATEMENT
Series statement Acm press.
500 ## - GENERAL NOTE
General note Hardcover.
520 ## - SUMMARY, ETC.
Summary, etc. From the author of the bestselling Object-Oriented Software Engineering, this is the first book to combine object-oriented technology and business process engineering. Jacobson demonstrates how object technology can be used in the BPR model, how the requirements of a new software system can be captured as a result of business engineering, and much more.
700 1# - ADDED ENTRY--PERSONAL NAME
Personal name Ericsson, M.
700 1# - ADDED ENTRY--PERSONAL NAME
Personal name Jacobson, A.
830 #0 - SERIES ADDED ENTRY--UNIFORM TITLE
Uniform title Acm press.
856 40 - ELECTRONIC LOCATION AND ACCESS
Materials specified Amazon.com
Uniform Resource Identifier <a href="http://www.amazon.com/exec/obidos/ASIN/0201422891/chopaconline-20">http://www.amazon.com/exec/obidos/ASIN/0201422891/chopaconline-20</a>
856 40 - ELECTRONIC LOCATION AND ACCESS
Materials specified Amazon customer reviews
Uniform Resource Identifier <a href="http://www.chopac.org/cgi-bin/tools/azrev.pl?q=0201422891">http://www.chopac.org/cgi-bin/tools/azrev.pl?q=0201422891</a>
942 ## - ADDED ENTRY ELEMENTS (KOHA)
Institution code [OBSOLETE] NBS
Koha item type Book
Call number prefix 658.4063 JAC
Holdings
Withdrawn status Lost status Damaged status Not for loan Permanent Location Current Location Date acquired Total Checkouts Full call number Barcode Date last seen Date last checked out Price effective from Koha item type
        Central Library (CL) Central Library (CL) 08/28/2013 1 658.4063 JAC NBS232 07/02/2015 07/02/2015 08/28/2013 Book
© 2023 Central Library, National University of Sciences and Technology. All Rights Reserved.